[Event "Rubinstein Memorial op-D 57th"]
[Site "Polanica Zdroj"]
[Date "2021.08.21"]
[Round "8"]
[White "Wolska, Marta"]
[Black "Karpinski, Bartlomiej"]
[Result "1/2-1/2"]
[WhiteElo "1542"]
[BlackElo "1792"]
[PlyCount "91"]
[EventDate "2021.08.14"]
[EventType "swiss"]
[EventRounds "9"]
[EventCountry "POL"]
[SourceTitle "CBM 204 Extra"]
[Source "ChessBase"]
[SourceDate "2021.11.30"]
[SourceVersion "1"]
[SourceVersionDate "2021.11.30"]
[SourceQuality "1"]

1. d4 Nf6 2. c4 g6 3. Nc3 Bg7 4. e4 d6 5. h3 Nbd7 6. Nf3 c5 7. d5 0-0 8. Bd3 a6 9. a4 Ne8 10. Qc2 Ne5 11. Nxe5 Bxe5 12. Be3 f5 13. exf5 Bxf5 14. g4 Bxd3 15. Qxd3 Qb6 16. Rb1 Qb3 17. 0-0 Nc7 18. f4 Bg7 19. Rf2 b5 20. cxb5 axb5 21. axb5 Bxc3 22. bxc3 Qxd5 23. Qe2 Qe4 24. Re1 Nd5 25. c4 Nxe3 26. Qxe3 Qxc4 27. f5 Ra2 28. Rxa2 Qxa2 29. Qxe7 gxf5 30. Qg5+ Kh8 31. Qe7 Qf7 32. Qxd6 fxg4 33. Qxc5 gxh3 34. Qe5+ Kg8 35. Qg5+ Qg6 36. Qxg6+ hxg6 37. Kh2 Rf3 38. b6 Rb3 39. b7 Rxb7 40. Kxh3 Kg7 41. Kg4 Rb4+ 42. Kg5 Rb5+ 43. Kg4 Kf6 44. Rf1+ Rf5 45. Rxf5+ gxf5+ 46. Kf4 1/2-1/2

[Event "Rubinstein Memorial op-D 57th"]
[Site "Polanica Zdroj"]
[Date "2021.08.16"]
[Round "3"]
[White "Karpinski, Bartlomiej"]
[Black "Blasiak, Miroslaw"]
[Result "1-0"]
[WhiteElo "1792"]
[BlackElo "1612"]
[PlyCount "79"]
[EventDate "2021.08.14"]
[EventType "swiss"]
[EventRounds "9"]
[EventCountry "POL"]
[SourceTitle "CBM 204 Extra"]
[Source "ChessBase"]
[SourceDate "2021.11.30"]
[SourceVersion "1"]
[SourceVersionDate "2021.11.30"]
[SourceQuality "1"]

1. e4 e5 2. Nf3 Nc6 3. d4 exd4 4. Nxd4 Nf6 5. Nc3 Bb4 6. Nxc6 bxc6 7. Bd3 d5 8. exd5 cxd5 9. Qe2+ Be7 10. Bf4 0-0 11. 0-0 Be6 12. Nb5 Ne8 13. Nd4 Bd7 14. Rfe1 Bg5 15. Qh5 h6 16. Bxg5 Qxg5 17. Qxg5 hxg5 18. Re5 Nf6 19. Rxg5 Rfe8 20. Kf1 Re7 21. Re1 Rae8 22. Rxe7 Rxe7 23. Nf5 Bxf5 24. Rxf5 c6 25. f3 Kf8 26. Kf2 Re6 27. g4 g6 28. Rf4 Ke7 29. Ra4 c5 30. Rxa7+ Kd6 31. Rxf7 Nd7 32. f4 Nf6 33. h3 Ne4+ 34. Bxe4 Rxe4 35. f5 gxf5 36. Rxf5 Rd4 37. Ke3 Re4+ 38. Kf2 Rd4 39. Kg3 Rd2 40. Rf2 1-0

[Event "Rubinstein Memorial op-D 57th"]
[Site "Polanica Zdroj"]
[Date "2021.08.14"]
[Round "1"]
[White "Karpinski, Bartlomiej"]
[Black "Lascar, Maria Elena"]
[Result "1-0"]
[WhiteElo "1792"]
[BlackElo "1477"]
[PlyCount "111"]
[EventDate "2021.08.14"]
[EventType "swiss"]
[EventRounds "9"]
[EventCountry "POL"]
[SourceTitle "CBM 204 Extra"]
[Source "ChessBase"]
[SourceDate "2021.11.30"]
[SourceVersion "1"]
[SourceVersionDate "2021.11.30"]
[SourceQuality "1"]

1. e4 c5 2. Nc3 a6 3. a4 Nc6 4. Bc4 e6 5. d3 Nge7 6. f4 d5 7. Bb3 g6 8. Nf3 Bg7 9. 0-0 0-0 10. Kh1 b6 11. Ne2 Bb7 12. c3 Rc8 13. exd5 exd5 14. d4 c4 15. Bc2 Rb8 16. Ng3 f6 17. Qe1 Bc8 18. h3 b5 19. axb5 axb5 20. Bd2 Qb6 21. Nh2 Rb7 22. f5 Nd8 23. Qf2 g5 24. Ng4 Nf7 25. Qf3 Qd6 26. Ne3 Rd8 27. b3 Rc7 28. Ra5 Rb7 29. Rfa1 Nc6 30. R5a2 b4 31. Rb1 bxc3 32. Bxc3 Nb4 33. Bxb4 Rxb4 34. Ne2 Bb7 35. Nc3 Qb6 36. Ncxd5 Qxd4 37. Rd1 Qc5 38. bxc4 Bxd5 39. Rxd5 Qc7 40. Rxd8+ Qxd8 41. Ra8 Rb8 42. Rxb8 Qxb8 43. Be4 Kf8 44. Nd5 Qe5 45. Qa3+ Kg8 46. Bf3 Qe1+ 47. Kh2 Qe5+ 48. g3 Bf8 49. Qc3 Qxc3 50. Nxc3 Nd6 51. Bd5+ Kg7 52. Be6 Nb7 53. Kg2 Bd6 54. Kf3 Kf8 55. g4 Ke7 56. Nd5+ 1-0

[Event "Polanica Zdroj op-D 49th"]
[Site "Polanica Zdroj"]
[Date "2013.08.23"]
[Round "7"]
[White "Karpinski, Bartlomiej"]
[Black "Bajkowski, Marcin"]
[Result "0-1"]
[WhiteElo "1773"]
[BlackElo "1831"]
[PlyCount "114"]
[EventDate "2013.08.17"]
[EventType "swiss"]
[EventRounds "9"]
[EventCountry "POL"]
[SourceTitle "EXT 2014"]
[Source "ChessBase"]
[SourceDate "2013.11.20"]
[SourceVersion "1"]
[SourceVersionDate "2013.11.20"]
[SourceQuality "1"]

1. e4 d5 2. exd5 Nf6 3. d4 Nxd5 4. c4 Nf6 5. Nc3 c6 6. Nf3 Bg4 7. Be2 e6 8. h3 Bh5 9. Be3 Be7 10. Qb3 Qb6 11. Qxb6 axb6 12. a3 0-0 13. 0-0 Nbd7 14. Rac1 Rfd8 15. g4 Bg6 16. Ne5 Nxe5 17. dxe5 Ne4 18. Nxe4 Bxe4 19. f3 Bg6 20. Rfd1 Bc5 21. Kf2 Kf8 22. Bxc5+ bxc5 23. Rd6 Rxd6 24. exd6 Ke8 25. Ke3 Kd7 26. Rd1 e5 27. h4 f6 28. Bd3 Ra4 29. Bxg6 hxg6 30. Kd3 Kxd6 31. h5 gxh5 32. gxh5 Ke6 33. Rg1 Kf7 34. Kc3 Ra8 35. Rd1 Re8 36. Rd7+ Re7 37. Rd8 Ke6 38. Rh8 Rd7 39. h6 gxh6 40. Rxh6 Kf5 41. a4 Kg5 42. Rh3 Kf4 43. Kc2 f5 44. b3 e4 45. fxe4 Kxe4 46. Rh6 f4 47. Re6+ Kf5 48. Re8 f3 49. Rf8+ Ke4 50. Re8+ Kf4 51. Rf8+ Ke3 52. Re8+ Kf2 53. a5 Kg1 54. Rg8+ Kf1 55. Rg6 f2 56. a6 bxa6 57. Rxc6 Rg7 0-1

[Event "Polanica Zdroj op-D 49th"]
[Site "Polanica Zdroj"]
[Date "2013.08.22"]
[Round "6"]
[White "Szydelko, Marcin"]
[Black "Karpinski, Bartlomiej"]
[Result "1/2-1/2"]
[WhiteElo "1892"]
[BlackElo "1773"]
[PlyCount "61"]
[EventDate "2013.08.17"]
[EventType "swiss"]
[EventRounds "9"]
[EventCountry "POL"]
[SourceTitle "EXT 2014"]
[Source "ChessBase"]
[SourceDate "2013.11.20"]
[SourceVersion "1"]
[SourceVersionDate "2013.11.20"]
[SourceQuality "1"]

1. Nf3 Nf6 2. g3 g6 3. Bg2 Bg7 4. d3 d5 5. c4 0-0 6. cxd5 Nxd5 7. 0-0 c6 8. Qb3 Qb6 9. Qc2 Na6 10. a3 Bg4 11. Nbd2 Rac8 12. Rb1 Qc7 13. Nc4 Nc5 14. Ne3 Nxe3 15. Bxe3 Ne6 16. Qa4 Bxf3 17. Bxf3 a6 18. Qb4 b5 19. Rfc1 c5 20. Qe4 Qd6 21. Qd5 Rc7 22. Rc2 Rfc8 23. Rbc1 Nd4 24. Bxd4 Bxd4 25. Qxd6 exd6 26. e3 Bg7 27. Bd5 a5 28. b3 Kf8 29. Kf1 Ke7 30. Ke2 f5 31. h3 1/2-1/2

[Event "Polanica Zdroj op-D 49th"]
[Site "Polanica Zdroj"]
[Date "2013.08.21"]
[Round "5"]
[White "Dzieczkaniec, Wieslaw"]
[Black "Karpinski, Bartlomiej"]
[Result "0-1"]
[WhiteElo "1893"]
[BlackElo "1773"]
[PlyCount "70"]
[EventDate "2013.08.17"]
[EventType "swiss"]
[EventRounds "9"]
[EventCountry "POL"]
[SourceTitle "EXT 2014"]
[Source "ChessBase"]
[SourceDate "2013.11.20"]
[SourceVersion "1"]
[SourceVersionDate "2013.11.20"]
[SourceQuality "1"]

1. e4 d5 2. exd5 Qxd5 3. d4 c6 4. c4 Qd8 5. Nf3 Nf6 6. Nc3 Bg4 7. Be2 Nbd7 8. 0-0 e6 9. h3 Bh5 10. d5 cxd5 11. cxd5 exd5 12. Nxd5 Bc5 13. Nxf6+ Nxf6 14. Qa4+ Kf8 15. Bg5 h6 16. Bf4 g5 17. Be5 Kg7 18. Rad1 Qb6 19. Nd4 Bxe2 20. Nxe2 Rhe8 21. Bxf6+ Qxf6 22. Nc3 Qe6 23. Rfe1 Qxe1+ 24. Rxe1 Rxe1+ 25. Kh2 Bxf2 26. Nd5 h5 27. Qc2 Bg1+ 28. Kg3 Rae8 29. Qc3+ R8e5 30. h4 f6 31. Qc7+ Kg6 32. Kh3 Rxd5 33. hxg5 Rxg5 34. g3 Re2 35. g4 hxg4+ 0-1

[Event "Polanica Zdroj op-D 48th"]
[Site "Polanica Zdroj"]
[Date "2012.08.26"]
[Round "9"]
[White "Rudol, Matylda"]
[Black "Karpinski, Bartlomiej"]
[Result "1/2-1/2"]
[WhiteElo "1475"]
[BlackElo "1782"]
[PlyCount "33"]
[EventDate "2012.08.18"]
[EventType "swiss"]
[EventRounds "9"]
[EventCountry "POL"]
[SourceTitle "EXT 2014"]
[Source "ChessBase"]
[SourceDate "2013.11.20"]
[SourceVersion "1"]
[SourceVersionDate "2013.11.20"]
[SourceQuality "1"]

1. e4 d5 2. exd5 Qxd5 3. Nc3 Qa5 4. d4 c6 5. Bc4 Nf6 6. Nf3 Bg4 7. h3 Bh5 8. Bf4 e6 9. a3 Qb6 10. Bb3 Bxf3 11. gxf3 Nbd7 12. Qd3 0-0-0 13. 0-0-0 g6 14. Kb1 Qa5 15. Ne4 Nc5 16. Nxc5 Bxc5 17. Be5 1/2-1/2

[Event "Polanica Zdroj op-D 48th"]
[Site "Polanica Zdroj"]
[Date "2012.08.23"]
[Round "6"]
[White "Karpinski, Bartlomiej"]
[Black "Gorecki, Janusz"]
[Result "0-1"]
[WhiteElo "1782"]
[BlackElo "1869"]
[PlyCount "68"]
[EventDate "2012.08.18"]
[EventType "swiss"]
[EventRounds "9"]
[EventCountry "POL"]
[SourceTitle "EXT 2014"]
[Source "ChessBase"]
[SourceDate "2013.11.20"]
[SourceVersion "1"]
[SourceVersionDate "2013.11.20"]
[SourceQuality "1"]

1. e4 c5 2. Nc3 Nc6 3. f4 d6 4. Nf3 a6 5. a4 g6 6. b3 Bg7 7. Bb2 Nh6 8. Qc1 0-0 9. Be2 f5 10. exf5 Nxf5 11. 0-0 e6 12. Ne4 Nfd4 13. Nxd4 Nxd4 14. Bd1 b6 15. c3 Nc6 16. d3 d5 17. Ng5 h6 18. Nf3 Qf6 19. g3 e5 20. fxe5 Nxe5 21. d4 Nd3 22. Qd2 Nxb2 23. Qxb2 cxd4 24. cxd4 Bg4 25. Kg2 Qf5 26. Kh1 Qe4 27. Qe2 Qf5 28. Rc1 Rae8 29. Qd2 Qh5 30. Qd3 Re7 31. Kg1 Re4 32. Rc6 Bh3 33. Rf2 Bxd4 34. Bc2 Rxf3 0-1

[Event "POL-chT3 1112"]
[Site "Poland"]
[Date "2011.11.??"]
[Round "1.4"]
[White "Karpinski, Bartlomiej"]
[Black "Trepkowski, Piotr"]
[Result "1-0"]
[WhiteElo "1814"]
[BlackElo "1819"]
[PlyCount "125"]
[EventDate "2011.11.06"]
[EventType "team-tourn"]
[EventRounds "11"]
[EventCountry "POL"]
[SourceTitle "EXT 2015"]
[Source "ChessBase"]
[SourceDate "2014.11.20"]
[SourceVersion "1"]
[SourceVersionDate "2014.11.20"]
[SourceQuality "1"]
[WhiteTeam "Bydgoszcz Emdek"]
[BlackTeam "Bydgoszcz Chemik II"]
[WhiteTeamCountry "POL"]
[BlackTeamCountry "POL"]

1. e4 e5 2. Nf3 Nc6 3. d4 exd4 4. Nxd4 Bc5 5. Be3 Qf6 6. c3 Nge7 7. Bc4 Ne5 8. Bb3 Qg6 9. 0-0 Qxe4 10. Nd2 Qg6 11. f4 Ng4 12. f5 Qh5 13. h3 Nf6 14. Ne4 Qxd1 15. Nxf6+ gxf6 16. Raxd1 d5 17. Nc2 Bxe3+ 18. Nxe3 c6 19. c4 dxc4 20. Nxc4 0-0 21. Nd6 Kg7 22. Rd3 h5 23. Rf4 Rh8 24. Nxf7 Rh7 25. Rd8 Nd5 26. Bxd5 cxd5 27. Nd6 Rh8 28. Rxh8 Kxh8 29. Ne8 Bxf5 30. Rxf5 Rxe8 31. Rxh5+ Kg7 32. Rxd5 Re7 33. Kh2 Kg6 34. Kg3 Re2 35. Rb5 b6 36. Kf3 Rd2 37. h4 Rd3+ 38. Kg4 Rd4+ 39. Kh3 Rd3+ 40. g3 Rd2 41. g4 Rd3+ 42. Kg2 Rd2+ 43. Kf3 Rd3+ 44. Ke4 Rg3 45. h5+ Kg7 46. Kf5 Rf3+ 47. Ke6 Re3+ 48. Kd6 Rg3 49. Rb4 Re3 50. Kc6 Rh3 51. Kb7 Rh4 52. Kxa7 f5 53. Rxb6 Rxg4 54. h6+ Kh7 55. b4 Rf4 56. a4 Rf1 57. a5 f4 58. b5 f3 59. Rf6 f2 60. b6 Ra1 61. a6 f1Q 62. Rxf1 Rxf1 63. b7 1-0

[Event "Polanica Zdroj op-D 47th"]
[Site "Polanica Zdroj"]
[Date "2011.08.24"]
[Round "5"]
[White "Golaszewski, Marek"]
[Black "Karpinski, Bartlomiej"]
[Result "1-0"]
[WhiteElo "1674"]
[BlackElo "1814"]
[PlyCount "71"]
[EventDate "2011.08.20"]
[EventType "swiss"]
[EventRounds "9"]
[EventCountry "POL"]
[SourceTitle "EXT 2014"]
[Source "ChessBase"]
[SourceDate "2013.11.20"]
[SourceVersion "1"]
[SourceVersionDate "2013.11.20"]
[SourceQuality "1"]

1. e4 d5 2. exd5 Qxd5 3. Nc3 Qa5 4. d4 c6 5. Nf3 Bg4 6. Be2 Nf6 7. 0-0 e6 8. Ne5 Bxe2 9. Qxe2 Nbd7 10. Bf4 Qb4 11. Qd3 Be7 12. a3 Nxe5 13. Bxe5 Qb6 14. Ne4 0-0-0 15. b4 Nxe4 16. Qxe4 Bf6 17. Rad1 Qa6 18. Rd3 Qc4 19. Rc1 Rd5 20. Bxf6 gxf6 21. c3 f5 22. Qe3 e5 23. Rdd1 Re8 24. Re1 e4 25. f3 Rd7 26. Qf4 Qd5 27. Re3 Qd6 28. Qxf5 Qh6 29. Rce1 Rg8 30. Rxe4 Rg5 31. Re8+ Kc7 32. Qf4+ Kb6 33. Qe3 Qg7 34. Re2 Rd6 35. d5+ Kc7 36. Qe7+ 1-0

[Event "POL-chT3 Kujawsko Pomorskie 1011"]
[Site "Poland"]
[Date "2011.04.17"]
[Round "11.16"]
[White "Karpinski, Bartlomiej"]
[Black "Czarnolewski, Piotr"]
[Result "1-0"]
[WhiteElo "1785"]
[BlackElo "1838"]
[PlyCount "99"]
[EventDate "2010.11.07"]
[EventType "team-tourn"]
[EventRounds "11"]
[EventCountry "POL"]
[SourceTitle "EXT 2019"]
[Source "ChessBase"]
[SourceDate "2018.10.10"]
[SourceVersion "1"]
[SourceVersionDate "2018.10.10"]
[SourceQuality "1"]

1. e4 g6 2. d4 Bg7 3. f4 d6 4. Nf3 Nf6 5. Nc3 0-0 6. h3 c5 7. Be3 Qa5 8. Qd2 cxd4 9. Nxd4 Nc6 10. Nb3 Qd8 11. g4 h5 12. gxh5 Nxh5 13. Rg1 e6 14. 0-0-0 d5 15. exd5 exd5 16. Qxd5 Qf6 17. Qg5 Bf5 18. Qxf6 Nxf6 19. Bg2 Rfe8 20. Rge1 Bh6 21. Bd2 Rad8 22. Nb5 a6 23. Rxe8+ Nxe8 24. Nc3 Nf6 25. Nc5 Bc8 26. h4 Nh5 27. Ne2 Re8 28. Bf3 Nf6 29. Rg1 Kh7 30. Re1 Nd8 31. Bc3 Ng4 32. Ne4 Bg7 33. Bxg7 Kxg7 34. Nd6 Re3 35. Bg2 Bd7 36. Nxb7 Nxb7 37. Bxb7 Bb5 38. Kd2 Rh3 39. Rh1 Nf2 40. Rxh3 Nxh3 41. b4 Kf6 42. a4 Bc4 43. Ke3 Ke7 44. Ng3 f6 45. Bg2 Be6 46. c4 Kd6 47. Kf3 g5 48. f5 g4+ 49. Kxg4 Nf2+ 50. Kf3 1-0

[Event "POL-chT3 Kujawsko Pomorskie 1011"]
[Site "Poland"]
[Date "2011.04.10"]
[Round "10.28"]
[White "Zakowski, Adrian"]
[Black "Karpinski, Bartlomiej"]
[Result "0-1"]
[WhiteElo "1689"]
[BlackElo "1785"]
[PlyCount "82"]
[EventDate "2010.11.07"]
[EventType "team-tourn"]
[EventRounds "11"]
[EventCountry "POL"]
[SourceTitle "EXT 2019"]
[Source "ChessBase"]
[SourceDate "2018.10.10"]
[SourceVersion "1"]
[SourceVersionDate "2018.10.10"]
[SourceQuality "1"]

1. e4 d5 2. exd5 Qxd5 3. Nc3 Qa5 4. Be2 Nf6 5. Nf3 c6 6. h3 Bf5 7. d4 e6 8. Bd2 Qc7 9. a3 Bd6 10. Be3 Nbd7 11. Bd3 Bg6 12. Qd2 b5 13. b4 a5 14. Na2 Bxd3 15. cxd3 axb4 16. Nxb4 Bxb4 17. Qxb4 Nd5 18. Qd2 Qd6 19. Qb2 0-0 20. 0-0 Ra4 21. Rfc1 Rfa8 22. Ne1 f5 23. Nc2 Nxe3 24. fxe3 R4a6 25. Nb4 Rb6 26. Qc3 Rc8 27. Qd2 e5 28. dxe5 Nxe5 29. d4 Nc4 30. Qe2 Re8 31. Nc2 Rb7 32. Re1 Rbe7 33. Qd3 Re4 34. a4 Qg3 35. axb5 cxb5 36. Qb3 f4 37. Qxb5 Nd2 38. Ra8 Rxa8 39. Qd5+ Kf8 40. Qxa8+ Re8 41. Qd5 f3 0-1

[Event "POL-chT3 Kujawsko Pomorskie 0910"]
[Site "Poland"]
[Date "2010.01.10"]
[Round "5.15"]
[White "Grajczak, Adrian"]
[Black "Karpinski, Bartlomiej"]
[Result "1-0"]
[WhiteElo "1979"]
[BlackElo "1789"]
[PlyCount "105"]
[EventDate "2009.11.08"]
[EventType "team-tourn"]
[EventRounds "11"]
[EventCountry "POL"]
[SourceTitle "EXT 2020"]
[Source "ChessBase"]
[SourceDate "2019.10.17"]
[SourceVersion "1"]
[SourceVersionDate "2019.10.17"]
[SourceQuality "1"]

1. d4 Nf6 2. Nf3 d5 3. g3 c6 4. Bg2 Bf5 5. 0-0 e6 6. c4 Bd6 7. b3 h6 8. Bb2 0-0 9. Nc3 Nbd7 10. Re1 Re8 11. Rc1 Qa5 12. Nd2 Bb4 13. a3 Bxc3 14. Bxc3 Qc7 15. e4 dxe4 16. Nxe4 Nxe4 17. Bxe4 Bxe4 18. Rxe4 Nf6 19. Rh4 Qe7 20. Bb4 Qd7 21. Qf3 e5 22. dxe5 Rxe5 23. Rd1 Qf5 24. Rf4 Qg6 25. Bc3 Re6 26. Bxf6 Rxf6 27. Rxf6 Qxf6 28. Qxf6 gxf6 29. Rd7 Rb8 30. Kg2 Kf8 31. Kf3 Ke8 32. Rc7 b5 33. c5 Rd8 34. Ke3 b4 35. Rxc6 bxa3 36. Ra6 Rb8 37. Rxa3 Rb4 38. Kd3 f5 39. f3 h5 40. h4 a5 41. f4 Kd7 42. Kc3 Re4 43. Rxa5 Re3+ 44. Kc4 Rxg3 45. b4 Rf3 46. b5 Rxf4+ 47. Kd5 Rf1 48. Ra7+ Kd8 49. Rxf7 f4 50. b6 f3 51. Kc6 f2 52. b7 Ke8 53. Rf3 1-0

[Event "Polanica Zdroj op-C 45th"]
[Site "Polanica Zdroj"]
[Date "2009.08.26"]
[Round "9"]
[White "Wieczorek, Aleksandra"]
[Black "Karpinski, Bartlomiej"]
[Result "0-1"]
[WhiteElo "1636"]
[BlackElo "1799"]
[PlyCount "68"]
[EventDate "2009.08.18"]
[EventType "swiss"]
[EventRounds "9"]
[EventCountry "POL"]
[SourceTitle "CBM 132 Extra"]
[Source "ChessBase"]
[SourceDate "2009.11.03"]
[SourceVersion "1"]
[SourceVersionDate "2009.11.03"]
[SourceQuality "1"]

1. Nf3 b6 2. g3 Bb7 3. Bg2 g6 4. 0-0 Bg7 5. d3 e6 6. e4 d6 7. Re1 Ne7 8. Nc3 0-0 9. Be3 Nd7 10. Qd2 c5 11. Bh6 a6 12. a4 Rc8 13. Bxg7 Kxg7 14. h4 Nf6 15. Nh2 h5 16. Rad1 Qc7 17. f4 d5 18. e5 Nd7 19. Qf2 Nf5 20. Nf1 Bc6 21. b3 b5 22. axb5 axb5 23. Ra1 Ra8 24. Bh3 Qb7 25. Nh2 Rxa1 26. Rxa1 Ra8 27. Re1 b4 28. Nd1 Ra2 29. Ne3 Nxe3 30. Rxe3 c4 31. dxc4 dxc4 32. bxc4 Nc5 33. Re2 Ne4 34. Qe1 Qa7+ 0-1

[Event "Polanica Zdroj op-C 45th"]
[Site "Polanica Zdroj"]
[Date "2009.08.25"]
[Round "8"]
[White "Karpinski, Bartlomiej"]
[Black "Tomaszewski, Kacper"]
[Result "0-1"]
[WhiteElo "1799"]
[BlackElo "1702"]
[PlyCount "80"]
[EventDate "2009.08.18"]
[EventType "swiss"]
[EventRounds "9"]
[EventCountry "POL"]
[SourceTitle "CBM 132 Extra"]
[Source "ChessBase"]
[SourceDate "2009.11.03"]
[SourceVersion "1"]
[SourceVersionDate "2009.11.03"]
[SourceQuality "1"]

1. e4 c5 2. Nc3 e6 3. f4 d5 4. exd5 exd5 5. Nf3 Nf6 6. d4 cxd4 7. Nxd4 Bb4 8. Bb5+ Bd7 9. Bd2 0-0 10. Bxd7 Nbxd7 11. Nce2 Bxd2+ 12. Qxd2 Ne4 13. Qd3 Ndc5 14. Qh3 Qb6 15. Qa3 Rfe8 16. Rd1 Ne6 17. 0-0 Nd6 18. b3 Nf5 19. Qb2 Nexd4 20. Nxd4 Ne3 21. Rd3 Nxf1 22. Kxf1 Qf6 23. g3 Rad8 24. c3 Qe7 25. Qd2 Qe4 26. Kg1 Qe1+ 27. Kg2 Qxd2+ 28. Rxd2 a6 29. Nc2 Rc8 30. Nb4 Rxc3 31. Nxd5 Rcc8 32. f5 Kf8 33. f6 Rcd8 34. fxg7+ Kxg7 35. Rd4 Kf8 36. Rd3 Re5 37. Nf4 Rxd3 38. Nxd3 Re2+ 39. Kh3 Rxa2 40. Nc5 b5 0-1

[Event "Lazy op-B 5th"]
[Site "Lazy"]
[Date "2009.06.28"]
[Round "9.14"]
[White "Jacek, Roksana"]
[Black "Karpinski, Bartlomiej"]
[Result "1/2-1/2"]
[WhiteElo "1660"]
[BlackElo "1803"]
[PlyCount "55"]
[EventDate "2009.06.21"]
[EventType "swiss"]
[EventRounds "9"]
[EventCountry "POL"]
[SourceTitle "CBM 131 Extra"]
[Source "ChessBase"]
[SourceDate "2009.09.03"]
[SourceVersion "2"]
[SourceVersionDate "2009.09.16"]
[SourceQuality "1"]

1. e4 d5 2. exd5 Qxd5 3. Nc3 Qa5 4. d4 c6 5. Nf3 Bg4 6. Be2 e6 7. 0-0 Nf6 8. Bf4 Bb4 9. Rb1 0-0 10. Ne5 Bxe2 11. Nxe2 Qxa2 12. Ra1 Qd5 13. c4 Qd8 14. Qb3 Qb6 15. Nd3 a5 16. Bd6 Rd8 17. Be7 Na6 18. Bxd8 Rxd8 19. Nxb4 Nxb4 20. Rfd1 Qc7 21. Qg3 Qb6 22. Qe5 Ra8 23. Nc3 Nc2 24. Rab1 Nb4 25. Ne4 Nxe4 26. Qxe4 Rd8 27. Ra1 h6 28. Ra3 1/2-1/2

[Event "Lazy op-B 5th"]
[Site "Lazy"]
[Date "2009.06.25"]
[Round "5.10"]
[White "Czajkowski, Mateusz"]
[Black "Karpinski, Bartlomiej"]
[Result "0-1"]
[WhiteElo "1614"]
[BlackElo "1803"]
[PlyCount "61"]
[EventDate "2009.06.21"]
[EventType "swiss"]
[EventRounds "9"]
[EventCountry "POL"]
[SourceTitle "CBM 131 Extra"]
[Source "ChessBase"]
[SourceDate "2009.09.03"]
[SourceVersion "2"]
[SourceVersionDate "2009.09.16"]
[SourceQuality "1"]

1. e4 c5 2. Nf3 Nc6 3. d4 cxd4 4. Nxd4 Nf6 5. Nc3 d6 6. Be3 g6 7. Qd2 Bg7 8. Bc4 0-0 9. Nxc6 bxc6 10. Bh6 Qb6 11. Bxg7 Kxg7 12. 0-0-0 Rb8 13. Bb3 Ba6 14. f3 c5 15. Nd5 Nxd5 16. Qxd5 c4 17. Qd4+ Qxd4 18. Rxd4 cxb3 19. axb3 Rfc8 20. Kb1 Rc5 21. Ra4 Rb6 22. b4 Rc4 23. c3 Rc7 24. Rd1 Bc4 25. Kc2 Rbc6 26. Rda1 a6 27. b3 Bb5 28. R4a3 Rxc3+ 29. Kd1 Rd3+ 30. Ke1 Rc2 31. Rd1 0-1

[Event "POL-chT3 Kujawsko Pomorskie 0809"]
[Site "Poland"]
[Date "2009.03.29"]
[Round "11.9"]
[White "Karpinski, Bartlomiej"]
[Black "Szczesniak, Andrzej"]
[Result "0-1"]
[WhiteElo "1803"]
[BlackElo "2098"]
[PlyCount "62"]
[EventDate "2008.11.09"]
[EventType "team-tourn"]
[EventRounds "11"]
[EventCountry "POL"]
[SourceTitle "EXT 2019"]
[Source "ChessBase"]
[SourceDate "2018.10.10"]
[SourceVersion "1"]
[SourceVersionDate "2018.10.10"]
[SourceQuality "1"]

1. e4 c5 2. Nf3 e6 3. d4 cxd4 4. Nxd4 a6 5. Be2 Nf6 6. Bf3 Qc7 7. 0-0 Nc6 8. c3 Bd6 9. h3 Ne5 10. Re1 b6 11. Be3 Bb7 12. Bg5 h6 13. Bxf6 gxf6 14. Nd2 Ke7 15. Qe2 Rag8 16. Kh1 Rg7 17. Rg1 Kd8 18. Rac1 Rhg8 19. Nf1 Ng6 20. Ne3 Bh2 21. Rgd1 Bf4 22. Rc2 Ne5 23. Ng4 Bg5 24. h4 Bxh4 25. Nxh6 Nxf3 26. Qxf3 Rh7 27. Qh5 Bxe4 28. Nxf7+ Ke7 29. Nf5+ Bxf5 30. Qf3 Bxf2+ 31. Nh6 Rxh6+ 0-1